000 00732cam a2200241 a 4500
001 000019654
005 20240226143822.0
008 840809s1962 sp 001 f spa d
040 _aDO-SdBNP
_cCarP
_dDLC
050 0 0 _a863.64
_bC174so, 1962
100 1 _aCamba, Julio,
_d1882-1962
_93094
245 1 0 _aSobre casi nada /
_cJulio Camba.
260 _aMadrid :
_bEspasa-Calpe,
_c1962.
300 _a231 p. ;
_c18 cm.
490 1 _aAustral. Azul: novelas y cuentos
_v687
500 _aIncluye índice de autores
650 4 _aNovela española
_91123
650 4 _aLiteratura española
_9632
830 0 _aAustral.
_pAzul: novelas y cuentos;
_v687
_941554
910 _aCatalogación derivada / LC
910 _aWM
049 _aBNGR
999 _c19170
_d19170